| 000 | 00663nma a22002057a 4500 | ||
|---|---|---|---|
| 008 | 130922s2013 o | cat d | ||
| 041 | _acat | ||
| 245 |
_aVocabulari de la litúrgia catòlica _h[en línia] |
||
| 260 |
_aBarcelona _bGeneralitat de Catalunya. Corporació Catalana de Mitjans Audiovisuals _c2013 |
||
| 300 | _bil. | ||
| 520 | _a246 | ||
| 546 | _acatalà | ||
| 592 | _aObra terminològica | ||
| 593 | _aQKNB | ||
| 650 | 0 |
_973505 _acatolicisme |
|
| 773 | _tÉs A Dir: El portal lingüístic de la Corporació Catalana de Mitjans Audiovisuals | ||
| 856 | _uhttps://esadir.cat/entrades/fitxa/id/4910 | ||
| 902 | _a130922 | ||
| 942 |
_2ddc _cPM _n0 |
||
| 999 |
_c68490 _d68490 |
||